[Атлантида] (Запись № 12719808)

Подробности
000 -МАРКЕР
контрольное поле 01542nem0a2200313 4500
001 - ИДЕНТИФИКАТОР ЗАПИСИ
контрольное поле RU\NLR\BIBL_A\016215118
005 - ИДЕНТИФИКАТОР ВЕРСИИ
контрольное поле 20250624235003.0
035 ## - ДРУГИЕ СИСТЕМНЫЕ НОМЕРА
Идентификатор записи (NLR Aleph) 016215118
100 ## - ДАННЫЕ ОБЩЕЙ ОБРАБОТКИ
Данные общей обработки 20221122d1910 |||y0rusy50 ca
101 0# - ЯЗЫК РЕСУРСА
Язык текста, звукозаписи и т.д. русский
102 ## - СТРАНА ПУБЛИКАЦИИ ИЛИ ПРОИЗВОДСТВА
Страна публикации российская федерация
120 ## - ПОЛЕ КОДИРОВАННЫХ ДАННЫХ: КАРТОГРАФИЧЕСКИЕ МАТЕРИАЛЫ - ОБЩИЕ ХАРАКТЕРИСТИКИ
Кодированные данные о картографическом материале (общие) ayy xx||
123 0# - ПОЛЕ КОДИРОВАННЫХ ДАННЫХ: КАРТОГРАФИЧЕСКИЕ МАТЕРИАЛЫ - МАСШТАБ И КООРДИНАТЫ
Тип масштаба а
200 1# - ЗАГЛАВИЕ И СВЕДЕНИЯ ОБ ОТВЕТСТВЕННОСТИ
Основное заглавие [Атлантида]
Общее обозначение материала Карты
206 ## - ОБЛАСТЬ СПЕЦИФИЧЕСКИХ СВЕДЕНИЙ: КАРТОГРАФИЧЕСКИЕ МАТЕРИАЛЫ - МАТЕМАТИЧЕСКИЕ ДАННЫЕ
Сведения о математических данных [Б. м-ба]
210 ## - ПУБЛИКАЦИЯ, РАСПРОСТРАНЕНИЕ И ДР.
Место издания, распространения и т.д. [Санкт-Петербург
Дата издания, распространения и т.д. 1910]
215 ## - ФИЗИЧЕСКАЯ ХАРАКТЕРИСТИКА
Специфическое обозначение материала и объем 4 к. (4 л.)
Другие сведения о физической характеристике 1 цв.
Размеры 23х31 см
300 ## - ОБЩИЕ ПРИМЕЧАНИЯ
Текст примечания Карты: №1. Атлантида во времена расцвета; №2. Атлантида во времена упадка; №3. Рута и Даитья; №4. Посейдонис
300 ## - ОБЩИЕ ПРИМЕЧАНИЯ
Текст примечания Из изд.: История Атлантиды / The Story of Atlantis (1896 г.; 2-е изд. 1909 г.) / перевод на рус. яз. Н. Дмитриевой // Вестник теософии. - Санкт-Петербург, 1910
509 01 - ЗАГОЛОВОК -СТРУКТУРИРОВАННОЕ ГЕОГРАФИЧЕСКОЕ ИЛИ ТЕМАТИЧЕСКОЕ НАИМЕНОВАНИЕ
Графика поля Кириллица
Географическое / тематическое наименование – начальный элемент ввода Атлантида,
Географический термин мифический остров-государство
Системный номер авторитетной/нормативной записи 2639479
Идентификатор авторитетной / нормативной записи RU\NLR\AUTH\5508507
606 1# - НАИМЕНОВАНИЕ ТЕМЫ КАК ПРЕДМЕТ
Наименование темы Вымышленные территории
Формальный подзаголовок Карты
Системный номер авторитетной/нормативной записи 2178512
Идентификатор авторитетной/нормативной записи RU\NLR\auth_crt\66350
607 ## - ГЕОГРАФИЧЕСКОЕ НАИМЕНОВАНИЕ КАК ПРЕДМЕТ
Географическое наименование Атлантида
Формальный подзаголовок Карты
Системный номер авторитетной/нормативной записи 1039652
Идентификатор авторитетной/нормативной записи RU\NLR\AUTH\6682211
608 ## - ФОРМА, ЖАНР, ФИЗИЧЕСКИЕ ХАРАКТЕРИСТИКИ ДОКУМЕНТА КАК ТОЧКА ДОСТУПА
Начальный элемент ввода Этнографические карты
Системный номер авторитетной/нормативной записи 1411600
Идентификатор авторитетной/нормативной записи RU\NLR\AUTH\66283176
702 #1 - ИМЯ ЛИЦА - ВТОРИЧНАЯ ОТВЕТСТВЕННОСТЬ
Начальный элемент ввода Скотт-Эллиот
Часть имени, кроме начального элемента ввода У.
Даты 1849-1919
Расширение инициалов личного имени Уильям
Код отношения Ассоциированное имя
852 ## - МЕСТОНАХОЖДЕНИЕ И ШИФР ХРАНЕНИЯ
Идентификатор организации NLR
Наименование фонда или коллекции (Sub-Location Identifier) К
Шифр хранения (Call Number) 3-Мир 6/716
Идентификатор единицы 90096
942 ## - ДОПОЛНИТЕЛЬНЫЕ ЭЛЕМЕНТЫ ЗАПИСИ (АБИС)
Тип экземпляра АБИС Карта
980 ## - КОЛЛЕКЦИЯ
Название коллекции Национальная библиография

Нет доступных экземпляров.